|
|
|
|
| LEADER |
00760cam a2200253 a 4500 |
| 001 |
0000103870 |
| 005 |
20080923090000.0 |
| 040 |
|
|
|a mod
|
| 041 |
|
|
|a eng
|
| 020 |
0 |
0 |
|a 0520016238
|
| 090 |
0 |
0 |
|a 309.154
|b MAN
|
| 100 |
1 |
0 |
|a Mandelbaum
|h David G.
|
| 245 |
1 |
0 |
|a Society in India
|c David G. Mandelbaum
|
| 260 |
0 |
0 |
|a Berkeley
|b University of California Press
|c 1970
|
| 300 |
|
|
|a xi, 665p.
|
| 504 |
0 |
0 |
|a Includes bibliographical references and index
|
| 650 |
0 |
0 |
|a Caste
|z India
|
| 650 |
0 |
0 |
|a Social mobility
|z India
|
| 650 |
0 |
0 |
|a Family
|z India
|
| 651 |
0 |
0 |
|a India
|x Social conditions
|y 1947-
|
| 999 |
|
|
|
| 999 |
|
|
|
| 999 |
|
|
|a 0000002295
|b MTAT
|d BOOKS
|e Umum
|f MTAT
|j AVAILABLE
|p 1
|q GOOD CONDITION
|
| 999 |
|
|
|a 0000002296
|b MTAT
|d BOOKS
|e Umum
|f MTAT
|j AVAILABLE
|p 2
|q GOOD CONDITION
|